<?xml version="1.0" encoding="UTF-8"?>
<record
    xmlns:xsi="http://www.w3.org/2001/XMLSchema-instance"
    xsi:schemaLocation="http://www.loc.gov/MARC21/slim http://www.loc.gov/standards/marcxml/schema/MARC21slim.xsd"
    xmlns="http://www.loc.gov/MARC21/slim">

  <leader>00180nam a22000977a 4500</leader>
  <controlfield tag="003">44</controlfield>
  <controlfield tag="005">20220326193258.0</controlfield>
  <controlfield tag="008">140630b</controlfield>
  <datafield tag="040" ind1=" " ind2=" ">
    <subfield code="c">&#xF1;akal&#xF1;a&#xF1;a&#xF1;a</subfield>
  </datafield>
  <datafield tag="245" ind1=" " ind2=" ">
    <subfield code="a">&#xD1;&#xE1;&#xF1;a&#xF1;&#xE1;&#xF3;&#xE9;l</subfield>
  </datafield>
  <datafield tag="999" ind1=" " ind2=" ">
    <subfield code="c">255</subfield>
    <subfield code="d">255</subfield>
  </datafield>
  <datafield tag="952" ind1=" " ind2=" ">
    <subfield code="0">0</subfield>
    <subfield code="1">0</subfield>
    <subfield code="2">ddc</subfield>
    <subfield code="4">0</subfield>
    <subfield code="7">0</subfield>
    <subfield code="a">LV</subfield>
    <subfield code="b">LV</subfield>
    <subfield code="d">2014-06-30</subfield>
    <subfield code="l">0</subfield>
    <subfield code="p">3988</subfield>
    <subfield code="r">2014-06-30 00:00:00</subfield>
    <subfield code="w">2014-06-30</subfield>
    <subfield code="y">01</subfield>
  </datafield>
</record>
